| 000 | 00474nam a22001697a 4500 | ||
|---|---|---|---|
| 003 | NUST - PNEC | ||
| 005 | 20170116180907.0 | ||
| 008 | 150902b xxu||||| |||| 00| 0 eng d | ||
| 020 | _a0891166742 | ||
| 040 | _cLIBRARY | ||
| 082 | _a620.106 KUT | ||
| 100 |
_96782 _aKutateladze, S. S. |
||
| 245 |
_aHeat transfer, mass transfer, and friction in turbulent boundary layers _cS. S. Kutateladze |
||
| 260 | _cc.1990 | ||
| 650 |
_96786 _aThermodynamics _xME |
||
| 942 |
_2ddc _cBK |
||
| 999 |
_c65152 _d65152 |
||